<?xml version="1.0" encoding="UTF-8"?>
<collection xmlns="http://www.loc.gov/MARC21/slim">
 <record>
  <leader>     na                 </leader>
  <controlfield tag="001">INLIS000000000000227</controlfield>
  <controlfield tag="005">20220404095117</controlfield>
  <datafield tag="035" ind1=" " ind2=" ">
   <subfield code="a">0010-0422000176</subfield>
  </datafield>
  <controlfield tag="007">ta</controlfield>
  <controlfield tag="008">220404                g          0 ind  </controlfield>
  <datafield tag="020" ind1=" " ind2=" ">
   <subfield code="a">978-979-3535-32-6 (jil. 6)</subfield>
  </datafield>
  <datafield tag="082" ind1=" " ind2=" ">
   <subfield code="a">001</subfield>
  </datafield>
  <datafield tag="084" ind1=" " ind2=" ">
   <subfield code="a">001 DOD m</subfield>
  </datafield>
  <datafield tag="100" ind1="0" ind2=" ">
   <subfield code="a">Dody Hidayat; Iman Firdaus; Y. Priatna</subfield>
  </datafield>
  <datafield tag="245" ind1="1" ind2=" ">
   <subfield code="a">MUATAN LOKAL ENSIKLOPEDIA PENGETAHUAN POPULER :</subfield>
   <subfield code="b">MENGENAL TOKOH-TOKOH INDONESIA DAN PELAJAR BERPRESTASI /</subfield>
   <subfield code="c">Dody Hidayat; Iman Firdaus; Y. Priatna</subfield>
  </datafield>
  <datafield tag="260" ind1=" " ind2=" ">
   <subfield code="a">Jakarta :</subfield>
   <subfield code="b">PT Lentera Abadi,</subfield>
   <subfield code="c">2008</subfield>
  </datafield>
  <datafield tag="300" ind1=" " ind2=" ">
   <subfield code="a">6 jil. :</subfield>
   <subfield code="b">ilus. ;</subfield>
   <subfield code="c">30 cm</subfield>
  </datafield>
  <datafield tag="650" ind1=" " ind2="4">
   <subfield code="a">Pengetahuan, Teori - Ensiklopedi dan kamus Indonesia -- Biografi</subfield>
  </datafield>
  <datafield tag="700" ind1="0" ind2=" ">
   <subfield code="a">editor, Johan Aguston, Ratna Hartini, Tim LA</subfield>
  </datafield>
  <datafield tag="520" ind1=" " ind2=" ">
   <subfield code="a">Yang diterima : jil. 6&#13;
Isi jilid 6 : Mengenal tokoh-tokoh Indonesia dan pelajar berprestasi</subfield>
  </datafield>
  <datafield tag="990" ind1=" " ind2=" ">
   <subfield code="a">190027</subfield>
  </datafield>
 </record>
</collection>
